Nesystémové chápanie marketingu
Marketing je štýl podnikania. Marketingová axióma: orientácia na výrobok, stanovenie ceny, podporu predaja a distribúciu.
Saved in:
| Main Author: | |
|---|---|
| Format: | Book Chapter |
| Language: | Slovak |
| Subjects: | |
| Tags: |
No Tags, Be the first to tag this record!
|
MARC
| LEADER | 00000naa a2200000 4500 | ||
|---|---|---|---|
| 001 | r018326 | ||
| 005 | 20221205101931.4 | ||
| 041 | 0 | |a slo | |
| 044 | |a SK | ||
| 245 | 1 | 0 | |a Nesystémové chápanie marketingu |c P. Magvaši |
| 520 | |a Marketing je štýl podnikania. Marketingová axióma: orientácia na výrobok, stanovenie ceny, podporu predaja a distribúciu. | ||
| 610 | 2 | 0 | |a Slovensko |
| 610 | 2 | 0 | |a marketing |
| 610 | 2 | 0 | |a podnikanie |
| 610 | 2 | 0 | |a výrobky |
| 610 | 2 | 0 | |a tvorba cien |
| 610 | 2 | 0 | |a predaj |
| 610 | 2 | 0 | |a distribúcia |
| 100 | 1 | |a Magvaši, P. | |